000
00442nam a2200133Ia 4500
008
100328s9999 xx 000 0 und d
082
_b
21086
100
_a
नवरे नी.शं.
245
_a
मराठी कादंबरी कथा
260
_b
आर्यसंस्कृति
630
_a
मराठी कादंबरी कथा
730
_a
मराठी कादंबरी कथा
942
_c
BOOK
999
_c
515133
_d
515130